| 000 | 01106nam a22002777a 4500 | ||
|---|---|---|---|
| 003 | OSt | ||
| 005 | 20210310113908.0 | ||
| 008 | 210310s2015 ck ao||gr|||| 01| 0dspa d | ||
| 020 | _a9789588930312 | ||
| 040 |
_aCO-JMCR _cCO-JMCR |
||
| 041 | 0 | _aspa | |
| 082 | 0 | 4 |
_a658.408 / _bS572t _223 |
| 100 | 1 |
_aSierra Montoya, Jorge Emilio, _eautor _911034 |
|
| 245 | 1 | 0 |
_aTemas claves de responsabilidad social empresarial / _cJorge Emilio Sierra Montoya |
| 260 |
_aBarranquilla : _bEdiciones Universidad Simón Bolívar, _c2015 |
||
| 300 |
_a171 páginas : _bilustraciones y fotografías a blanco y negro ; _c22 cm. |
||
| 490 | 0 |
_aResponsabilidad Social Empresarial y Universitaria ; _v4 |
|
| 500 | _aIncluye datos biográficos del autor. | ||
| 505 | 0 | _aTemas estructurales -- Temas de coyuntura | |
| 586 | _aPremio al mérito empresarial Universidad Simón Bolívar | ||
| 650 | 1 | 4 |
_aResponsabilidad social de los negocios _912766 |
| 650 | 2 | 4 |
_aDesarrollo sostenible _zColombia _910195 |
| 650 | 2 | 4 |
_aÉtica de los negocios _91608 |
| 650 | 2 | 4 |
_aResponsabilidad por el medio ambiente _914652 |
| 942 |
_2ddc _cBK |
||
| 999 |
_c7519 _d7519 |
||